| 000 | 01200nac a22003491u 4500 | ||
|---|---|---|---|
| 003 | EG-ScBUE | ||
| 005 | 20220904100939.0 | ||
| 008 | 200219t2002 nyuab f 000 0 eng d | ||
| 020 | _a9780060513566 | ||
| 020 | _a006051356X | ||
| 035 | _a(OCoLC)ocm50909682 | ||
| 040 |
_aEG-ScBUE _beng _erda _cEG-ScBUE _dEG-ScBUE |
||
| 082 | 0 | 4 |
_a720,1 _bCUI _222 |
| 100 | 1 |
_aCuito, Aurora, _eauthor. |
|
| 245 | 1 | 0 |
_aMinimalism maximalism / _c[author, Aurora Cuito ; editor, Paco Asensio] |
| 246 | 1 | 5 | _aFrom minimalism to maximalism |
| 264 | 1 |
_aNew York, NY : _bLoft Publications S.L., _c[2002] |
|
| 264 | 4 | _cc2002 | |
| 300 |
_a200 pages : _bcolor illustrations, color maps ; _c26 cm |
||
| 336 |
_2rdacontent _atext _btxt |
||
| 337 |
_2rdamedia _aunmediated _bn |
||
| 338 |
_2rdacarrier _avolume _bnc |
||
| 650 | 7 |
_aArchitecture, Modern _y20th century. _2BUEsh |
|
| 650 | 7 |
_aInterior decoration _xHistory _y20th century. _2BUEsh _941532 |
|
| 650 | 7 |
_aArchitecture, Modern _y21st century. _2BUEsh |
|
| 650 | 7 |
_aInterior decoration _xHistory _y21st century. _2BUEsh _941532 |
|
| 651 | _2BUEsh | ||
| 653 | _bART | ||
| 655 |
_vReading book _934232 |
||
| 700 | 1 |
_aAsensio Cerver, Francisco, _eeditor. |
|
| 942 |
_cBB _2ddc |
||
| 999 |
_c3016 _d3016 |
||